Statistiche per Isole più grandi del Mar Mediterraneo

Clicka qui per fare il quiz!

Statistiche generali

  • Questo quiz è stato fatto 71 volte
  • Il punteggio medio è 10 su 15

Statistiche sulle risposte

Superficie (km²)NazioneIsola% Corretto
9 251CiproCipro
100%
24 100,02ItaliaSardegna
100%
25 426ItaliaSicilia
100%
8 681FranciaCorsica
91%
8 336GreciaCreta
91%
569,8SpagnaIbiza
82%
3 640SpagnaMaiorca
76%
695,7SpagnaMinorca
73%
1 398GreciaRodi
67%
592GreciaCorfù
58%
1 632,8GreciaLesbo
36%
786,58GreciaCefalonia
31%
3 655GreciaEubea
29%
842,5GreciaChio
24%
514TunisiaGerba
24%

Distribuzione punteggi

Percentile per numero di risposta

Percentuale di utenti per punteggio

I tuoi punteggi nel tempo

Non hai fatto questo quiz